Délmagyarország. - 1940. január 10., Szerda
Elmentve itt :
| Dokumentumtípus: | Újság |
|---|---|
| Megjelent: |
1940-01-10
|
| Sorozat: | Délmagyarország
16 No. 6 |
| Online Access: | http://dmarchiv.bibl.u-szeged.hu/9038 |
| LEADER | 00484nas a2200145 i 4500 | ||
|---|---|---|---|
| 001 | delm9038 | ||
| 005 | 20200414152738.0 | ||
| 008 | 171214s1940 hu n o 0|| hun d | ||
| 022 | |a 0133-025X | ||
| 040 | |a SZTE Délmagyarország Archívum |b hun | ||
| 041 | |a hun | ||
| 245 | 0 | 0 | |a Délmagyarország. - 1940. január 10., Szerda |h [elektronikus dokumentum] |
| 260 | |c 1940-01-10 | ||
| 490 | 0 | |a Délmagyarország |v 16 No. 6 | |
| 856 | 4 | 0 | |u http://dmarchiv.bibl.u-szeged.hu/9038/1/dm_1940_006.pdf |z Dokumentum-elérés |